Statistiken für Vornamen in deutschen Songs

Klicken Sie hier um das Quiz zu spielen!

Allgemein

  • Dieses Quiz wurde 308 mal gespielt
  • Das Durchschnittsergebnis liegt bei 7 aus 16

Antwortstatistiken

SongtitelAntwort% Korrekt
Biene ____ - Karel GottMaja
95%
Santa ________ - Roland KaiserMaria
76%
Hier kommt ____ - Die Toten HosenAlex
69%
Du hast den Farbfilm vergessen, mein _______ - Nina HagenMichael
60%
Am Tag als _____ Kramer starb - Juliane WerdingConny
55%
____, wir fahrn nach Lodz -Vicky LeandrosTheo
50%
Volle Granate, ______ - TorfrockRenate
49%
_______, zieh Dir bitte etwas an - Fettes BrotBettina
48%
____ mit dem Bagger - Mike KrügerBodo
42%
_____ der Käfer - GänsehautKarl
40%
Hier kommt ____ - Frank ZanderKurt
40%
___________, der Lenz ist da - Comedian HarmonistsVeronika
36%
_____, i hol di mit mei'm Traktor ab - Wolfgang FiereckResi
33%
_________ Schmidt - Die ÄrzteAnneliese
11%
Ich und ______ - 2RAUMWOHNUNGElaine
4%
Lieber doof sein, als ____ heißen - Die Kleine TierschauGaby
4%

Verteilung der Resultate

Perzentil nach korrekt beantworteten Fragen

Anzahl Personen mit jedem Resultat

Ihre Resultats-Entwicklung

Sie haben dieses Quiz noch nicht gespielt